000 00617nam a2200205Ia 4500
003 GCL
008 140319s9999 xx 000 0 ara d
020 _a4441241977
040 _aGCL /
_cGCL
082 0 4 _a415
_bع م
100 1 _aعبدالله احمد جاد الكريم
245 1 0 _aالمعنى والنحو /
_cعبدالله احمد جاد الكريم
260 _aالقاهرة :
_bمكتبة الاداب ،
_c2002
300 _a114ص ؛
_c25 س
490 _a
650 0 4 _aالنحو
650 0 4 _aاللغة العربية - النحو
650 0 4 _aاللغة، علم
942 _2ddc
_cBK
999 _c34591
_d34591